000
00220nam a22000857a 4500
008
161115b xxu||||| |||| 00| 0 eng d
100
_9
1200
_a
BPI India
245
_a
Androcles and the lion
260
_a
New Delhi
_b
BPI India
_c
2011
999
_c
3891
_d
3891